| 000 | 00656nam a2200229 i 4500 | ||
|---|---|---|---|
| 001 | 14307 | ||
| 003 | ES-MaACL | ||
| 005 | 20250728103607.0 | ||
| 007 | t| | ||
| 008 | 981209s1998 sp ||||1| spa d | ||
| 020 | _a84-8169-240-9 | ||
| 080 | _a211 | ||
| 080 | _a1:2 | ||
| 100 | 1 |
_aTamayo-Acosta, Juan José. _9109160 |
|
| 245 | 1 | 0 |
_aPara comprender la crisis de Dios hoy / _cJuan-José Tamayo-Acosta. |
| 260 |
_aEstella : _bVerbo Divino, _c1998. |
||
| 300 |
_a229 p. ; _c22 cm. |
||
| 650 | 4 |
_aReligión- _xFilosofía _916799 |
|
| 650 | 4 |
_aDios- _xConocimiento. _911903 |
|
| 852 |
_aES-MaACL _jL-21540 _bR.126809 |
||
| 999 |
_c14307 _d14307 |
||